Proceedings of International Conference on Coupled Instabilities in Metal Structures CIMS 2000 (Record no. 1258)
[ view plain ]
| 000 -LEADER | |
|---|---|
| fixed length control field | 00411 a2200109 4500 |
| 020 ## - INTERNATIONAL STANDARD BOOK NUMBER | |
| International Standard Book Number | 1860942520 |
| 082 ## - DEWEY DECIMAL CLASSIFICATION NUMBER | |
| Classification number | 624.17122 CAM |
| 100 ## - MAIN ENTRY--PERSONAL NAME | |
| Personal name | Camotim, Dinar |
| 245 ## - TITLE STATEMENT | |
| Title | Proceedings of International Conference on Coupled Instabilities in Metal Structures CIMS 2000 |
| Statement of responsibility, etc. | Edited by Dinar Camotim, Dan Dubina, Jacques Rondal |
| 260 ## - PUBLICATION, DISTRIBUTION, ETC. | |
| Place of publication, distribution, etc. | London : |
| Name of publisher, distributor, etc. | Imperial College Press, |
| Date of publication, distribution, etc. | 2000 |
| 300 ## - PHYSICAL DESCRIPTION | |
| Extent | xxx, 712p. : |
| Other physical details | ill. ; |
| Dimensions | 25 cm |
| 650 ## - SUBJECT ADDED ENTRY--TOPICAL TERM | |
| Topical term or geographic name entry element | Metal Structures |
| Withdrawn status | Lost status | Damaged status | Not for loan | Permanent Location | Current Location | Shelving location | Date acquired | Total Checkouts | Full call number | Barcode | Date last seen | Price effective from | Koha item type |
|---|---|---|---|---|---|---|---|---|---|---|---|---|---|
| School of Civil and Environmental Engineering (SCEE) | School of Civil and Environmental Engineering (SCEE) | 624.17122 CAM | NIT-767 | 01/05/2017 | 01/05/2017 | Book |
